Khảo sát sự đa dạng đặc tính hột bưởi năm roi theo hình thái và điện di

Đánh giá đặc tính có hột và không hột theo cách nhận dạng của nông dân và thương lái. Đặc tính có hột và không hột dựa vào một số đặc tính hình thái của bưởi Năm Roi, đánh giá đặc tính hột bằng phương pháp điện di enzyme, DNA và protei...

Descripció completa

Guardat en:
Dades bibliogràfiques
Autor principal: Phan, Thị Bé
Format: Llibre
Idioma:Undetermined
Publicat: Cần Thơ Trường Đại học Cần Thơ 2004
Matèries:
Etiquetes: Afegir etiqueta
Sense etiquetes, Sigues el primer a etiquetar aquest registre!
Thư viện lưu trữ: Trung tâm Học liệu Trường Đại học Cần Thơ
LEADER 01072nam a2200205Ia 4500
001 CTU_85468
008 210402s9999 xx 000 0 und d
082 |a 634.32 
082 |b B200 
088 |a 606201 
100 |a Phan, Thị Bé 
245 0 |a Khảo sát sự đa dạng đặc tính hột bưởi năm roi theo hình thái và điện di 
245 0 |c Phan Thị Bé; Nguyễn Bảo Vệ, Võ Công Thành hướng dẫn khoa học 
260 |a Cần Thơ 
260 |b Trường Đại học Cần Thơ 
260 |c 2004 
520 |a Đánh giá đặc tính có hột và không hột theo cách nhận dạng của nông dân và thương lái. Đặc tính có hột và không hột dựa vào một số đặc tính hình thái của bưởi Năm Roi, đánh giá đặc tính hột bằng phương pháp điện di enzyme, DNA và protein. 
650 |a Grapefruit 
904 |i Bằng 
980 |a Trung tâm Học liệu Trường Đại học Cần Thơ